Nursing ethics ; theories and pragmatics / (Record no. 507)

MARC details
000 -LEADER
fixed length control field 00803nam a2200253 a 4500
005 - DATE AND TIME OF LATEST TRANSACTION
control field 20260322212022.0
008 - FIXED-LENGTH DATA ELEMENTS--GENERAL INFORMATION
fixed length control field data
010 ## - LIBRARY OF CONGRESS CONTROL NUMBER
LC control number 81017962
020 ## - INTERNATIONAL STANDARD BOOK NUMBER
International Standard Book Number 0893030511 (case) :
Terms of availability {dollar}19.95
020 ## - INTERNATIONAL STANDARD BOOK NUMBER
International Standard Book Number 0893030538 (pbk.) :
Terms of availability {dollar}11.95
020 ## - INTERNATIONAL STANDARD BOOK NUMBER
International Standard Book Number 9780893030513 (case) :
Terms of availability {dollar}19.95
020 ## - INTERNATIONAL STANDARD BOOK NUMBER
International Standard Book Number 9780893030537 (pbk.) :
Terms of availability {dollar}11.95
050 0# - LIBRARY OF CONGRESS CALL NUMBER
Classification number RT85
Item number .C87
096 ## - LOCALLY ASSIGNED NLM-TYPE CALL NUMBER (OCLC)
Classification number WY 85 C978n 1982
001 - CONTROL NUMBER
control field data
100 1# - MAIN ENTRY--PERSONAL NAME
Personal name Curtin, Leah.
245 10 - TITLE STATEMENT
Title Nursing ethics ; theories and pragmatics /
Statement of responsibility, etc. Leah Curtin, M. Josephine Flaherty.
260 0# - PUBLICATION, DISTRIBUTION, ETC.
Place of publication, distribution, etc. Bowie, Md. :
Name of publisher, distributor, etc. R.J. Brady Co.,
Date of publication, distribution, etc. c1982.
300 ## - PHYSICAL DESCRIPTION
Extent xv, 363 p. ;
Dimensions 24 cm.
504 ## - BIBLIOGRAPHY, ETC. NOTE
Bibliography, etc. note Includes bibliographies and index.
590 ## - LOCAL NOTE (RLIN)
Local note Includes bibliographies and index.
650 #0 - SUBJECT ADDED ENTRY--TOPICAL TERM
Topical term or geographic name entry element Nursing ethics.
700 1# - ADDED ENTRY--PERSONAL NAME
Personal name Flaherty, M. Josephine.
Holdings
Withdrawn status Lost status Damaged status Not for loan Home library Current library Shelving location Date acquired Total checkouts Full call number Barcode Date last seen Price effective from Koha item type
        Franklin Franklin General stacks 22/03/2026   RT85 .C87 BC0010518 22/03/2026 22/03/2026 Books